Journal of business & economics

Detalles Bibliográficos
Formato: Electrónico Revista
Lenguaje:inglés
Publicado: Islāmābād, Pakistan : Air University Faculty of Administrative Sciences
Materias:
Acceso en línea:Full text available from Research Library: 01/01/2011 to 12/31/2016
Full text available from Research Library: 01/01/2018 to present

MARC

LEADER 00000nas a2200000 i 4500
001 ssj0001091617
003 WaSeSS
005 20200512172242.0
006 m d
007 cr n
008 131220u20uuuuuupk f| p|s|||||| |0eng d
035 |a (WaSeSS)ssj0001091617 
040 |a WaSeSS  |b eng  |c WaSeSS  |d WaSeSS 
050 1 4 |a HF5001 
245 0 0 |a Journal of business & economics  |h [electronic resource]. 
246 1 |a Journal of business and economics 
260 |a Islāmābād, Pakistan :  |b Air University Faculty of Administrative Sciences 
310 |a Semiannual 
506 |a License restrictions may limit access. 
588 |a Description based on: Volume 3, Number 1 (January/June 2011); title from article pdf (ProQuest, viewed Dec. 19, 2013). 
588 |a Latest issue consulted: Volume 4, Number 1 (January/June 2012) (viewed Dec. 19, 2013). 
650 0 |a Business  |v Periodicals. 
650 0 |a Economics  |v Periodicals. 
655 0 |a Electronic journals. 
776 0 8 |i Print version:  |t Journal of business & economics  |x 2075-6909 
856 4 0 |z Full text available from Research Library: 01/01/2011 to 12/31/2016  |u https://search.proquest.com/publication/1946347 
856 4 0 |z Full text available from Research Library: 01/01/2018 to present  |u https://search.proquest.com/publication/1946347